000 00315nam a22001337a 4500
008 170828b xxu||||| |||| 00| 0 eng d
020 _a9780534507169
041 _aeng
080 _22 ED
_a070
100 _a39
101 _aMED
245 _aETHICS IN MEDIA AND COMMUNICATION
_cDAY.L.A
942 _2udc
_cBK
999 _c25213
_d25213